[Event "Metz op 30th"]
[Site "Metz"]
[Date "2012.04.23"]
[Round "1"]
[White "Colovic, Aleksandar"]
[Black "Solodovnichenko, Yuri"]
[Result "1/2-1/2"]
[WhiteElo "2436"]
[BlackElo "2615"]
[Annotator "Metz Alekhine/Primel,D"]
[PlyCount "144"]
[EventDate "2012.04.14"]
[EventType "swiss"]
[EventRounds "9"]
[EventCountry "FRA"]
[SourceTitle "EXT 2013"]
[Source "ChessBase"]
[SourceDate "2012.11.22"]
[SourceVersion "1"]
[SourceVersionDate "2012.11.22"]
[SourceQuality "1"]

1. c4 d6 2. g3 e5 3. Bg2 f5 4. Nc3 Nf6 5. d3 (5. d4) 5... Be7 6. e4 {[%csl Rd4]
} (6. e3) (6. Nf3 O-O 7. O-O (7. b4)) 6... O-O (6... c6 {La grande ligne} 7.
Nge2 O-O 8. h3 Na6 9. O-O Qe8 10. exf5 Bxf5 11. Ne4 Qd7 12. Kh2 d5 13. cxd5
cxd5 14. Nxf6+ Bxf6 15. Nc3 Be6 16. f4 Nb4 17. a3 Nc6 18. f5 Bf7 19. g4 h6 20.
Ne2 Qc7 21. Kh1 e4 22. Rb1 Rfe8 23. d4 e3 24. Qd3 Na5 25. Rf3 Qc4 26. Qd1 Bg5
27. b3 Qa6 28. h4 Bxh4 29. Bxe3 Re7 30. Nc3 Rae8 31. Qd2 Nc6 32. Rh3 Qa5 33. b4
Qd8 34. Rf1 Bf6 35. Bxh6 gxh6 36. Qxh6 {Miezis,N (2547)-Lie,K (2560) Porto
Carras 2011 1/2-1/2}) 7. Nge2 Na6 8. O-O c6 9. d4 $5 (9. h3) (9. Rb1 {[%cal
Gb2b4,Gb4b5]}) 9... Qe8 10. c5 $146 (10. a3 fxe4 11. dxe5 dxe5 12. Nxe4 Nxe4
13. Bxe4 Nc5 14. Bg2 Bf5 15. Be3 Rd8 16. Qe1 Qh5 17. Nc1 Rd7 18. b4 Ne6 19. f3
Qf7 20. Bxa7 Nd4 21. Bxd4 exd4 22. c5 d3 23. Qd2 Bf6 24. Rb1 Re8 25. g4 Bd4+
26. Kh1 Be3 27. Qa2 d2 28. Qxf7+ Kxf7 {0-1 (28) Varberg,K (2230)-Gulko,B (2615)
Copenhagen 1996}) 10... Nxe4 11. Nxe4 fxe4 12. cxd6 Bxd6 13. Nc3 exd4 14. Qxd4
Bc5 $1 15. Qxe4 Bf5 16. Qc4+ Be6 17. Qe4 Qf7 $32 {[%csl Rf1,Rf2][%cal Ge6c4]}
18. Be3 Bc4 19. Rfe1 Rae8 $36 20. Qf4 Qxf4 21. Bxf4 Nb4 22. Rxe8 Rxe8 23. Ne4 (
23. b3) 23... Bd4 $6 (23... Bf8) 24. Nd6 Bxb2 25. Rd1 Rd8 {[%cal Gd8d1]} 26.
Rb1 Rxd6 $8 (26... Ba3 27. Nxc4) 27. Bxd6 Nd3 {Les Noirs font de
l'équilibrisme pour ne pas perdre du matériel} 28. Bf1 (28. Be4 $142 {[%cal
Ge4d3,Gb1b2]} Bxa2 29. Rd1 $40 {[%csl Rd3]}) 28... Bxa2 29. Rd1 Ne5 30. Bxe5
Bxe5 31. Rd8+ Kf7 32. Rd7+ Kf6 33. Rxb7 Bd4 34. Bg2 Bd5 35. Bxd5 cxd5 36. Kf1
h5 37. Ke2 g6 38. f4 Ke6 39. h3 Bb6 40. g4 hxg4 41. hxg4 Bd4 42. Kd3 Bc5 43.
Rg7 (43. f5+ $1 gxf5 44. g5 {[%cal Gg5g6,Gg6g7]}) 43... Kf6 44. Rc7 Bd6 45. Rc6
Ke7 {[%cal Gd6f4]} 46. Ke3 Kd7 47. Ra6 Bc5+ 48. Kf3 Bb6 49. Ra2 a5 50. f5 {
Trop tard} gxf5 51. gxf5 Ke7 52. Re2+ Kf7 53. Re6 Bd4 54. Rd6 Bb2 55. Rb6 Bc3
56. Ke3 Be5 57. Re6 Bb2 58. Ra6 Be5 59. Kf3 Bc3 60. Kf4 Kg7 61. Rc6 Bd4 62. Ra6
Bc3 63. Rd6 Bb2 64. Rb6 Bc3 65. Rb5 d4 $2 66. Ke5 $1 d3+ 67. Ke6 d2 68. Rb7+ $4
{Prématuré et c'est dommage pour les Blancs qui avaient dominé la finale} (68.
Rd5 $8 a4 69. Rd7+ Kh6 70. f6 $18) 68... Kh6 69. Rb1 Kg5 $132 70. Rf1 a4 71.
Kd5 a3 72. Kc4 Bb2 1/2-1/2

[Event "Bundesliga 1617"]
[Site "Germany"]
[Date "2016.10.16"]
[Round "2.1"]
[White "Navara, David"]
[Black "Piorun, Kacper"]
[Result "1-0"]
[WhiteElo "2737"]
[BlackElo "2665"]
[Annotator "Navara,D"]
[PlyCount "79"]
[EventDate "2016.10.15"]
[EventType "team-tourn"]
[EventRounds "15"]
[EventCountry "GER"]
[SourceTitle "CBM 175"]
[Source "ChessBase"]
[SourceDate "2016.11.10"]
[SourceVersion "1"]
[SourceVersionDate "2016.11.10"]
[SourceQuality "1"]
[WhiteTeam "Muelheim"]
[BlackTeam "Berlin SF"]
[WhiteTeamCountry "GER"]
[BlackTeamCountry "GER"]

{It was my fifth encounter with Kacper Piorun in 2016! Till then, we had not
played a single classical game.} 1. c4 e5 2. g3 g6 {This move surprised me. If
White adopts the Botvinnik setup (Bg2, Nc3, e4, Nge2 and d2-d3), Black can
choose between Nbc6 and c7-c6. His position is very flexible, as he can also
chose between Nge7 and Nf6 and decide when to play f7-f5, if ever.} 3. d4 {
After some hesitation I decided to choose a concrete line.} d6 (3... exd4 {
is fully playable. The game Navara - Short (Gibraltar 2013) continued} 4. Qxd4
Nf6 5. Nc3 (5. Bg5 Bg7 6. Qe3+ Kf8 7. Bh6 d5 $11 {should not bother Black})
5... Bg7 6. Qe3+ Qe7 7. Qxe7+ Kxe7 8. Bg5 c6 9. O-O-O (9. e4 h6 $1 $11 (9... d6
$6 10. c5 $1)) 9... d6 10. Ne4 (10. f4 $5 {(Short) is interesting, but Black
should not be too worried. Even} h6 11. Bh4 Na6 12. e4 Re8 {is fine, as} 13. e5
$6 dxe5 14. fxe5 g5 15. exf6+ Bxf6 {is pleasant for Black}) 10... Rd8 11. h4 h6
12. Nxf6 hxg5 13. hxg5 Na6 14. Rh7 Bxf6 15. gxf6+ Kxf6 16. Rd4 Be6 17. Nf3 Rh8
18. Rxh8 Rxh8 19. Rxd6 Rh1 20. Nd2 c5 21. Rd8 Kg7 22. Kc2 Nb4+ 23. Kc3 Nxa2+
24. Kb3 b5 25. Kxa2 bxc4 26. Kb1 Bh3 27. Kc2 Bxf1 28. Nxf1 Rxf1 29. f3 Re1 30.
Kd2 Rb1 31. Kc2 Re1 32. Rd2 f5 33. Kc3 Rc1+ 34. Rc2 Rg1 35. Kxc4 Rxg3 36. Kxc5
Rg1 37. b4 Ra1 38. f4 g5 39. fxg5 {1/2 (39) Navara,D (2710)-Short,N (2690)
Caleta 2013}) 4. Nc3 Bg7 5. Nf3 (5. dxe5 $5 dxe5 6. Qxd8+ Kxd8 {looked equal
to me during the game. White admittedly has some initiative, but it is not
easy to convert it into anything tangible.}) 5... exd4 (5... Nd7 {is the most
common move, here. The play might transpose into the King's Indian Defence.})
6. Nxd4 Ne7 (6... Nc6 7. Nxc6 bxc6 8. Bg2 Ne7 9. Bg5 $14) 7. Bg2 ({The bold
pawn advance} 7. h4 Nbc6 8. Nxc6 bxc6 9. h5 {looked too optimistic to me.
Black should equalise after something like} Rb8 $5 {.}) 7... Nbc6 8. Nxc6 Nxc6
9. Bf4 ({Several correspondence players have tried} 9. Bd2 $5 {. After} O-O 10.
O-O Re8 (10... Be6 11. b3 Qd7 12. Nd5 $5 $14) 11. Rc1 $36 {White has a free
game, but not more.}) ({I considered} 9. Qd2 {with subsequent b2-b3 and Bb2,
but} a5 $1 {worried me.} {Only} 10. c5 $5 {(Komodo) gives White some hopes of
an opening advantage. However, I assume that Black should equalise after} (10.
b3 a4 11. Rb1 axb3 (11... O-O $5) 12. axb3 O-O $11) 10... O-O (10... dxc5 11.
Qe3+ Be6 12. Qxc5 Nb4 13. O-O Bd4 $1 14. Qb5+ $1 c6 15. Qa4 b5 16. Qd1 {
is less clear.}) ({whereas} 10... a4 $5 11. cxd6 cxd6 12. O-O O-O {is just a
transposition}) 11. cxd6 cxd6 12. O-O a4 {.}) 9... Be6 10. Rc1 ({Playing} 10.
Nd5 {would be pointless, as the knight would have to retreat after} Ne5 11. O-O
c6 {.}) 10... Bxc4 $2 ({Kacper considered} 10... O-O 11. b3 {favourable for
White. This might be true, but} Qd7 {followed by 12...Nh3 was certainly better
than the game continuation. White's advantage is minimal, if any.} 12. O-O (12.
Nd5 Bh3 $1 (12... Ne5 13. Be3 $1 c6 14. Nf4 Bf5 15. O-O $14) 13. Bxh3 Qxh3 14.
Nxc7 Rac8 $44) 12... Bh3 13. Qd2 $36 (13. c5 $6 Bxg2 14. Kxg2 Bxc3 $1 15. Rxc3
d5 16. Rd3 d4 $11) (13. Bxh3 Qxh3 14. Nd5 Rac8 $14 {/=})) 11. Qa4 Be6 (11... d5
$2 {would lead to material losses after} 12. b3 Bxc3+ (12... Ba6 13. Nxd5) 13.
Rxc3 b5 (13... Ba6 14. Rxc6) 14. Qa6 $18 {.}) 12. Bxc6+ bxc6 13. Qxc6+ Bd7 (
13... Kf8 14. Nd5 $16) 14. Qe4+ Kf8 (14... Be6 15. Nb5 O-O 16. Nxc7 Rc8 17.
Nxe6 Rxc1+ 18. Bxc1 Qc8 19. O-O $16 {(Piorun, Navara) is also pleasant for
White.}) 15. O-O {This is a decent positional move. I was tempted to play 15.
Nd5, spent a lot of time on it and still miscalculated. Perhaps it was better
to castle quickly and save time for later.} (15. Nd5 Bf5 16. Qe3 {Still,} Rc8
$1 ({My idea was} 16... c5 $6 17. Rxc5 $1 dxc5 $2 ({I was afraid of} 17... h6 {
, missing the knight retreat} 18. Rc6 Qa5+ 19. Nc3 $16 {. (And something else
as well.)}) 18. Qxc5+ Ke8 19. Nc7+ Kd7 20. O-O {with a winning attack.} ({
Komodo rightly prefers} 20. Qd6+ Kc8 21. Qc6 {, but the difference is not so
big.})) 17. Bh6 c6 $1 18. Bxg7+ Kxg7 19. Ne7 Qa5+ $14 {is not so bad for Black.
}) 15... h6 16. Nd5 Bf5 17. Qa4 g5 $1 (17... Bxb2 18. Rxc7 Kg7 19. Be3 $1 {
was very bad for Black, whose king could be attacked from the long diagonal.})
18. Be3 ({We both considered} 18. Bd2 Qe8 $5 {with some practical chances in
the complications. Still, lines like} 19. Qa6 Qe4 20. Ne3 $1 $16 {clearly
favour White.} (20. Nxc7 Rd8 $1 {is surprisingly unclear, as White's king is
rather weak.})) 18... c5 {At this point, Black had about 19 minutes left. My
next decision was fairly impractical.} 19. Rxc5 $5 {I found it too hard to
resist. The sacrifice is objectively strong, but requires very accurate play.}
(19. b4 {was easy and strong. I was not completely sure about} cxb4 20. Qxb4 ({
I was rather inclined towards} 20. Nxb4 $6 $16 {.}) 20... Rb8 21. Qa4 Qd7 {
, but} 22. Qa6 $5 $16 {is just bad for Black.}) 19... Bd7 $1 (19... Bh3 $2 20.
Rd1 {was plainly bad for Black, while}) (19... dxc5 20. Bxc5+ Kg8 21. Ne7+ Kh7
22. Nxf5 $16 {promised White an easy game.}) 20. Qe4 $1 (20. Qc2 $2 dxc5 21.
Bxc5+ Ke8 22. Qe4+ Be6 {only leads to a move repetition, as} 23. Nc7+ $6 (23.
Qa4+ Bd7 24. Qe4+ $11) 23... Qxc7 24. Qxa8+ Bc8 $15 {already favours Black,
who can protect his king and enjoy the extra piece.}) 20... f5 21. Qc4 dxc5 22.
Bxc5+ Ke8 {When going for this, I recalled the recent rapid game Hammer -
Navara, in which Jon Ludvig sacrificed a rook and only needed to include his
other rook to the attack. Ironically, he also should have done so by playing 
(21.)e2-e4!} (22... Kf7 $2 23. Nf4+ Ke8 24. Ne6 $18) 23. Rd1 $2 ({A much
stronger move was} 23. e4 $3 {(Better late than never!)} f4 $1 24. e5 $1 {
I saw this, but it looked far too speculative to me.} {To avoid a quick
disaster, Black has to play} Rc8 $1 (24... Qc8 25. Rd1 $1 fxg3 26. hxg3 $18 Qc6
27. e6 $1 Bxe6 28. Nc7+ Kf7 29. Nxe6 Kg6 30. Rd6 $18) 25. e6 $1 Rxc5 $1 (25...
Bxe6 26. Nc7+ Rxc7 27. Qxe6+ Re7 28. Qg6+ $1 Kf8 29. Re1 $18) 26. exd7+ Qxd7
27. Qxc5 Kf7 $16 {and accept a thankless defensive task.}) 23... Rc8 {Only now
I spotted the rook transfer to e6.} 24. Rd3 Rc6 $1 {Here I sank into thought.
I looked for a way to get rid of my mighty centralised knight, which prevented
me from winning with 25.Re3+ and 26.Rxe6+. Sadly, the knight proved to be
"indispensable", as White had no good way of sacrificing it!} (24... Rxc5 $2
25. Qxc5 Kf7 {fails to} 26. Qxa7 $1 $18 {(Komodo)} ({, whereas the intended
continuation} 26. Nc7 $2 {gives Black better play after} Qe7 27. Rd6 (27. Qd5+
Be6 {is what I missed.}) 27... Rd8 28. Qd5+ Kf8 29. Ne6+ Bxe6 30. Rxd8+ Kf7 $15
)) 25. b4 $6 {This was a better idea a move ago. Now it is objectively wrong.}
(25. Re3+ Re6 26. Nc7+ Qxc7 27. Rxe6+ Bxe6 28. Qxe6+ Kd8 29. Qd5+ $11 {was the
most sensible continuation, but I was reluctant to draw a game in which I had
had a big advantage not so long ago. Kacper's impending time trouble also
played its role. Black also has alternatives such as 25...Be6 26.Nf4 Qd1+ or
27...Kd8, which also maintain equality.}) 25... Re6 $6 ({After} 25... Qc8 $1
$17 {Black's material advantage should tell. White can try something like} 26.
g4 $5 {, but after} f4 $1 27. Qe4+ Re6 28. Qf5 Be5 {Black maintains everything
under control.}) 26. Bxa7 $44 Be5 27. Bc5 {The dynamic equilibrium has been
restored. In practice, it is much easier to play such a position with White,
especially if you have much more time left.} Qb8 {Black was already in serious
time trouble, whereas I was just slowly approaching it.} 28. Ra3 (28. a4 $5 Kf7
29. f4 gxf4 30. Nxf4 $13) 28... Qb5 ({To be honest, I rejected} 28... Kf7 $5 {
on account of} 29. Ra7 {followed by 30.Nb6??. Still,} Rd8 30. Qd3 $1 Kg8 31.
Qxf5 Qb5 32. e4 $36 {is promising for White, at least from the practical point
of view.}) 29. Qc2 $1 Bb8 {After the game we considered this to be the
decisive mistake.} ({Black should have attacked my knight, e.g.} 29... Qc6 30.
Qd3 $44 {.}) ({The computer also shows several other ways to equality like} 
29... Bc6 30. Qxf5 Bxd5 31. Ra8+ Bb8 ({or} 31... Bxa8 32. Qxe6+ Kd8 33. Qxe5
Qe8 $1 {. It does not look simple to me at all.}) 32. Qxd5 Kf7) 30. Qxf5 Qxe2
$2 {Kacper was down to his last seconds.} (30... Kd8 $1 {was the only move. I
would prefer White after} 31. Bd4 $5 $44 {, but objectively the position is
about equal.}) 31. Nf6+ $6 {I spent almost all the remaining time on this move.
I correctly evaluated the consequences of the game continuation, but made many
mistakes in the 31...Kd8 line.} ({After} 31. Ra8 Bc6 32. Rxb8+ Kd7 {the threat
of 33...Qd1+ 34.Kg2 Bxd5+ complicates White's task, e.g.} 33. Rxh8 (33. Qf7+
Re7 $1 34. Qf5+ Re6) 33... Qd1+ 34. Kg2 Qxd5+ 35. Qxd5+ Bxd5+ 36. Kh3 Bxa2 37.
g4 $5 {and White is technically winning.}) ({I even saw} 31. Re3 $1 Qd1+ 32.
Kg2 Rxe3 33. Qg6+ Kd8 34. Qf6+ Kc8 35. Nxe3 {, which rather added to my
confusion. Komodo shows that} Qd3 $1 36. Qxh8+ Kb7 $16 {is still far from
clear.}) 31... Rxf6 $2 {Time trouble takes its toll.} ({After} 31... Kd8 $1 {
I would probably play} 32. Nxd7 $2 ({A much stronger move was} 32. Rd3 $1 Qxd3
33. Qxd3 Rxf6 {. Being pressed for time, I stopped here, but} 34. Qd4 $1 Rhf8
35. Bxf8 Rxf8 36. a4 {should be winning.}) {, missing} 32... Qd1+ $1 (32...
Kxd7 33. Re3 Qd1+ 34. Kg2 Rhe8 35. Rxe6 Rxe6 36. Qf7+ $18) 33. Kg2 Qxd7 {
. It turns out that Black can save this position with precise play:} 34. Rd3
Rd6 $1 (34... Bd6 $2 35. Bxd6 Rxd6 36. Qa5+ Kc8 37. Qa8+ Kc7 38. Rc3+ Rc6 39.
Qxh8 Qd5+ 40. Kh3 Qf5+ 41. g4 $18) 35. Rxd6 Bxd6 36. Qf6+ Kc7 37. Qxh8 (37.
Bxd6+ Qxd6 38. Qxh8 Qc6+ $1 39. Kf1 Qc4+ 40. Ke1 Qxb4+ 41. Ke2 Qe4+ 42. Kd2
Qd5+ $11 {with a perpetual check}) 37... Bxc5 38. bxc5 Qd5+ 39. f3 Qxa2+ 40.
Kh3 Qe6+ $1 41. g4 Qe2 $1 $11 42. Qh7+ Kc8 43. Qf5+ Kc7 {and White cannot
avoid a perpetual check.}) 32. Qxf6 $18 Qe1+ 33. Kg2 Qe4+ 34. f3 Qe2+ 35. Bf2
Bh3+ ({I was lucky that} 35... Rf8 {failed to} 36. Re3+ Qxe3 37. Qg6+ $18 {
. We both saw this, but I had had too little time to foresee it while playing
31.Nf6+.}) 36. Kxh3 Qf1+ 37. Kg4 h5+ 38. Kxg5 Rg8+ 39. Kh6 Qxf2 40. Kh7 {
There were some quicker ways to victory, but I was short of time. The threats
of 40.Qe6+ and 40.Kxg8 are decisive. After finding one nice way to victory, I
did not search for another one. Black resigned. Apparently this was not
Kacper's day and my play was also far from flawless, but we managed to attract
the spectators and entertain them. Finally, I was glad to help my team to a
narrow match win.} (40. Qe6+ Kf8 41. Qc8+ Kf7 42. Qb7+ $18) (40. Rd3 Bc7 41.
Qe6+ Kf8 42. Qc8+ $18) 1-0

[Event "London"]
[Site "London"]
[Date "1997.10.22"]
[Round "7"]
[White "Turner, Matthew"]
[Black "Lalic, Bogdan"]
[Result "0-1"]
[WhiteElo "2445"]
[BlackElo "2600"]
[Annotator "Petursson,M"]
[PlyCount "50"]
[EventDate "1997.10.18"]
[EventType "tourn"]
[EventRounds "9"]
[EventCountry "ENG"]
[EventCategory "10"]
[SourceTitle "CBM 062"]
[Source "ChessBase"]
[SourceDate "1998.01.31"]
[SourceVersion "1"]
[SourceVersionDate "1998.01.31"]
[SourceQuality "1"]

1. c4 g6 2. Nc3 Bg7 3. g3 e5 4. Bg2 f5 5. e3 Nf6 6. Nge2 O-O 7. O-O d6 8. d3 a5
9. a3 c6 10. Rb1 Be6 11. f4 Bf7 12. b4 axb4 13. axb4 exf4 14. gxf4 d5 $1 15.
cxd5 $6 (15. c5 $15) 15... Nxd5 16. Nxd5 Bxd5 17. Bb2 Bxb2 18. Rxb2 Bxg2 19.
Kxg2 Ra3 20. Nd4 Re8 21. Rf3 Qd5 22. Kf2 Nd7 23. Rg3 Nf6 24. h3 {[%tqu "En",
"Can you find a brilliant winning move for Black here?","Get him on the dark
squares!","Sacrifice your rook to force the collapse of the White position!",
"e8e3","",20]} Rxe3 $3 $19 25. Nxf5 (25. Rxe3 Qxd4 26. Qe2 Nd5 $19) (25. Kxe3
Qe4+ 26. Kd2 Qxd4 27. Kc2 Qf2+ 28. Qd2 Qxg3 $19) 25... Re8 $1 0-1

[Event "Reykjavik Olafsson"]
[Site "Reykjavik"]
[Date "1995.??.??"]
[Round "7"]
[White "Petursson, Margeir"]
[Black "Stefansson, Hannes"]
[Result "1/2-1/2"]
[WhiteElo "2565"]
[BlackElo "2520"]
[Annotator "Petursson,M"]
[PlyCount "159"]
[EventDate "1995.09.??"]
[EventType "tourn"]
[EventRounds "11"]
[EventCountry "ISL"]
[EventCategory "11"]
[SourceTitle "CBM 049"]
[Source "ChessBase"]
[SourceDate "1995.12.01"]
[SourceVersion "1"]
[SourceVersionDate "1995.12.01"]
[SourceQuality "1"]

1. c4 {King Ribli} e5 2. Nc3 d6 3. g3 g6 4. Bg2 Bg7 5. e3 f5 6. Nge2 Nf6 7. d3
a5 8. O-O O-O {Ribli: Der islaendische Grossmeister kennt und spielt diese
Variante (mit oder ohne Nc6) hervorragand. Wenn jemand das auch mit Weiss
spielen will, dann soll er die Partie von Petursson aus Chess Base
kennenlernen.} 9. b3 c6 10. Bb2 (10. Qd2 Be6 11. Bb2 Bf7 {Andersson-P. Nikolic,
Reykjavik 1988}) 10... Na6 11. Qd2 Be6 (11... Bd7 {M. Gurevich-Kasparov,
Reggio Emilia 1991}) (11... Bd7 {Ribli} 12. Kh1 (12. Rae1 $5) 12... Rc8 $13 {
Gurevich,M-Kasparov,G/Reggio Emilia/1991/CBM27/INF53,22/}) 12. Rae1 (12. f4 $5
{Ribli}) 12... d5 13. cxd5 Nxd5 (13... cxd5 {Ribli} 14. Nb5 $36) 14. Rd1 {
Ribli: Dieser Zug hat zwei Ziele: 1.Weiss will den d3-Bauern decken. 2.Der
Anziehen- de versucht die d-Linie zu oeffnen und dann steht der weisse Turm
sehr gut.} Nac7 $10 15. Rfe1 Qd6 16. Qc1 Nxc3 17. Nxc3 {Droht /\ Ba3 oder Na4.}
b5 18. Nb1 $1 {/\ 19. Ba3 b4 20. Bb2, x c4} Nd5 (18... Bd5 $2 {Ribli} 19. e4 $1
$18) 19. e4 $5 Ne7 $2 (19... Nb4 20. a3 (20. Nc3 $5 $14 {Ribli} Nxd3 $2 21.
Rxd3 Qxd3 22. Rd1 $18) 20... Nxd3 21. Qc3 Rad8 22. Re3 fxe4 23. Bxe4 Nxf2 $1
24. Rxd6 Nh3+ 25. Kg2 Rf2+ 26. Kh1 Rf1+ 27. Kg2 Rg1+ $5 28. Kf3 Rxd6 29. Nd2
$13) 20. exf5 gxf5 (20... Bxf5 {Ribli} 21. Nc3 $14) 21. Nd2 {Droht /\ Nf3.} Bd5
22. Nc4 $1 $16 {Ribli: Eine unangenehme Ueberraschung.} bxc4 23. dxc4 e4 {
Dieses Bauernopfer ist die beste Verteidugung.} (23... Rfe8 {Ribli} 24. cxd5
Nxd5 25. Qg5 $16) (23... Qe6 {Ribli} 24. cxd5 Nxd5 25. Bxe5 Bxe5 26. f4 $18)
24. Ba3 Qe6 25. cxd5 cxd5 26. Bxe7 Qxe7 27. Rxd5 {Ribli: Im Endergebnis hat
Petursson einen Bauern erobert, aber Schwarz kann auf den ungleichfarbigen
Laeufer noch hoffnen.} a4 28. Qf4 axb3 29. axb3 Qe6 30. Bf1 Kh8 (30... Qxd5 $4
{Ribli} 31. Bc4 $18) 31. Bc4 Qf6 32. Red1 Rae8 33. Rd7 {Ribli: Die schwarze
Stellung sieht sehr kritisch aus.} e3 34. fxe3 Re4 35. Qf3 Bh6 36. Rc7 (36.
R1d6 $5 {Ribli} Qg5 (36... Bxe3+ 37. Kg2 $16 Qb2+ 38. Kh3 Bg1 39. Rxh7+ $1 Kxh7
40. Qh5+ Kg7 41. Rg6#) 37. Rc6 $1 Qxe3+ (37... Rxe3 38. Rcc7 $1 $18) 38. Qxe3
Bxe3+ 39. Kg2 $16) 36... Bxe3+ 37. Kh1 {King: A typical situation when playing
with bishops of opposite colour. Although both kings lack pawn cover, they are
both able to hide on the same colour as their bishops, giving them some degree
of security.} Bb6 38. Rb7 Bc5 39. Rc7 (39. Rdd7 {Ribli} Re1+ 40. Bf1 Be7 $14)
39... Bb6 40. Rcd7 Bc5 41. Rf1 Re3 42. Qb7 Be7 43. Qd5 Re5 44. Qf3 Bc5 45. Rd5
Bd6 46. Rd3 Qe7 47. Qc6 Rf6 48. Rdf3 Kg7 49. Bd3 Qf7 50. Bc4 (50. Qc2 {Ribli}
Qb7 {Weiss kann nicht weiter gehen.}) 50... Qe7 51. Qa8 Rf8 52. Qa1 Qb7 {
Ribli: Erzwingt den Damentausch und dann wird der Remisfaktor steigen.} 53. Qa6
$1 Qxa6 54. Bxa6 h5 55. Bd3 Kg6 56. Rc1 (56. h3 {Ribli} Kg5) 56... Kg5 57. Rc4
Rc5 58. h4+ Kg6 59. Ra4 Rd5 60. b4 Rf6 61. Ra5 Re5 62. Rxe5 (62. Kg2 $1 {Ribli}
Rxa5 63. bxa5 Bc7 64. a6 $16 {Diese Stellung gibt sehr gute Chancen die Partie
zu gewinnen.}) 62... Bxe5 63. Kg2 Bd6 64. b5 Bc7 65. Bc2 Bb6 66. Kf1 Bc7 67.
Kf2 Bb6+ 68. Kg2 Bc7 69. Rc3 Bb6 70. Kf3 Bd4 71. Rc8 Rb6 72. Bd3 Re6 73. Kg2
Bg7 74. Rc5 Be5 (74... Re5 {Ribli} 75. Rc6+ Kf7 76. b6 $18) 75. b6 Kf6 76. Rb5
Rd6 77. Bb1 $4 (77. Rb3 $16) (77. b7 {Ribli} Rxd3 78. Rxe5 Rb3 $10) 77... Rd2+
78. Kf3 Rb2 79. Bd3 Rxb5 80. Bxb5 1/2-1/2